Time management for event planners : expert techniques and time saving tips for organizing your day and laking control of your schedule (Record no. 217450)
[ view plain ]
| 000 -LEADER | |
|---|---|
| fixed length control field | 00573nam a2200157Ia 4500 |
| 008 - FIXED-LENGTH DATA ELEMENTS--GENERAL INFORMATION | |
| fixed length control field | 231221s9999 xx 000 0 und d |
| 020 ## - INTERNATIONAL STANDARD BOOK NUMBER | |
| International Standard Book Number | 9780000000000 |
| 041 ## - LANGUAGE CODE | |
| Language code of text/sound track or separate title | English |
| 082 ## - DEWEY DECIMAL CLASSIFICATION NUMBER | |
| Classification number | 658.4093 ALL;1 R |
| 100 ## - MAIN ENTRY--PERSONAL NAME | |
| Personal name | Allen, Judy. |
| 245 #0 - TITLE STATEMENT | |
| Title | Time management for event planners : expert techniques and time saving tips for organizing your day and laking control of your schedule |
| 260 ## - PUBLICATION, DISTRIBUTION, ETC. | |
| Date of publication, distribution, etc. | 2005 |
| Name of publisher, distributor, etc. | Wiley Publishing |
| Place of publication, distribution, etc. | Canada |
| 300 ## - PHYSICAL DESCRIPTION | |
| Extent | xx, 209 |
| 650 ## - SUBJECT ADDED ENTRY--TOPICAL TERM | |
| Topical term or geographic name entry element | Time,management,planners,techniques,time,saving,organizing,day,laking,control,schedule |
| 942 ## - ADDED ENTRY ELEMENTS (KOHA) | |
| Koha item type | Hotel Management Library |
| Date last seen | Total checkouts | Full call number | Accession number | Cost, total (INR) price | Price effective from | Category | Lost status | Damaged status | Department | Withdrawn status | Home library | Current library | Shelving location | Entry date | Vendor | Cost, normal purchase price | Grants | Billnumber | Currency symbol | Conversion rate | Discount | Old discount |
|---|---|---|---|---|---|---|---|---|---|---|---|---|---|---|---|---|---|---|---|---|---|---|
| 26/01/2024 | 658.4093 ALL;1 R | HM1525 | 2118.96 | 26/01/2024 | Hotel Management Library | HEM | Central Library | Central Library | HM | Surya Infotainment Products Pvt. Ltd. | 45.00 | HM | SIPHO/2013/CRB/1726 | USD | 65.4 | 12.6 | 28 |
